000 00426nam a22001697a 4500
005 20180718152433.0
008 160525b xxu||||| |||| 00| 0 eng d
020 _a978-81-203-3033-7
041 _aeng
082 _b4855
_a658.1599
100 _aSharan, Vyuptakesh
_9733
245 _aInternational Financial Mgt.
260 _aNew Delhi
_bAcademic Faundation
300 _a529p,
650 _aManagement
_9241
942 _cBK
999 _c1683
_d1682